Risk and Decision for Conservation and Environmental Management (Record no. 6987)
[ view plain ]
| 000 -LEADER | |
|---|---|
| fixed length control field | 00614nam a22002177a 4500 |
| 003 - CONTROL NUMBER IDENTIFIER | |
| control field | OSt |
| 005 - DATE AND TIME OF LATEST TRANSACTION | |
| control field | 20210602121925.0 |
| 008 - FIXED-LENGTH DATA ELEMENTS--GENERAL INFORMATION | |
| fixed length control field | 210602b ||||| |||| 00| 0 eng d |
| 020 ## - INTERNATIONAL STANDARD BOOK NUMBER | |
| International Standard Book Number | 9780521543019 |
| 040 ## - CATALOGING SOURCE | |
| Transcribing agency | DDC |
| 082 ## - DEWEY DECIMAL CLASSIFICATION NUMBER | |
| Classification number | 577 BUR 2005 |
| 100 ## - MAIN ENTRY--PERSONAL NAME | |
| Personal name | Burgman, Mark |
| 9 (RLIN) | 14341 |
| 245 ## - TITLE STATEMENT | |
| Title | Risk and Decision for Conservation and Environmental Management |
| 260 ## - PUBLICATION, DISTRIBUTION, ETC. (IMPRINT) | |
| Place of publication, distribution, etc. | Cambridge University Press, |
| Date of publication, distribution, etc. | 2005 |
| 300 ## - PHYSICAL DESCRIPTION | |
| Extent | xii,488p; Ill: 23cm |
| 504 ## - BIBLIOGRAPHY, ETC. NOTE | |
| Bibliography, etc | Glossary, references, & Index included |
| 650 ## - SUBJECT ADDED ENTRY--TOPICAL TERM | |
| Topical term or geographic name as entry element | Ecology |
| 9 (RLIN) | 544 |
| 650 ## - SUBJECT ADDED ENTRY--TOPICAL TERM | |
| Topical term or geographic name as entry element | Biodiversity |
| 9 (RLIN) | 1737 |
| 650 ## - SUBJECT ADDED ENTRY--TOPICAL TERM | |
| Topical term or geographic name as entry element | Conservation |
| 9 (RLIN) | 5920 |
| 942 ## - ADDED ENTRY ELEMENTS (KOHA) | |
| Source of classification or shelving scheme | Other/Generic Classification Scheme |
| Koha item type | Open Shelf |
| Withdrawn status | Lost status | Source of classification or shelving scheme | Damaged status | Not for loan | Home library | Current library | Date acquired | Source of acquisition | Inventory number | Total Checkouts | Full call number | Barcode | Date last seen | Koha item type |
|---|---|---|---|---|---|---|---|---|---|---|---|---|---|---|
| Dewey Decimal Classification | MUST Main Library | MUST Main Library | 02/06/2021 | Donation | 07/28730 | 577 BUR 2005 | 2021-0627 | 02/06/2021 | Open Shelf | |||||
| Dewey Decimal Classification | MUST Main Library | MUST Main Library | 02/06/2021 | Donation | 09/31951 | 577 BUR 2005 | 2021-0628 | 02/06/2021 | Open Shelf |
